[Event "Cheliabinsk Postovalov Memorial 5th"]
[Site "Cheliabinsk"]
[Date "2011.01.07"]
[Round "3"]
[White "Kogan, Alexander A"]
[Black "Eryshkanova, Anastasiya"]
[Result "0-1"]
[WhiteElo "2149"]
[BlackElo "2168"]
[PlyCount "62"]
[EventDate "2011.01.06"]
[EventType "swiss"]
[EventRounds "9"]
[EventCountry "RUS"]
[SourceTitle "CBM 140 Extra"]
[Source "ChessBase"]
[SourceDate "2011.03.01"]
[SourceVersion "1"]
[SourceVersionDate "2011.03.01"]
[SourceQuality "1"]

1. e4 e5 2. Nf3 Nf6 3. Nxe5 Qe7 4. d4 Nc6 5. Nc3 Nxe5 6. dxe5 Qxe5 7. f4 Qe6 8. Qd4 c6 9. Be2 b6 10. f5 Qd6 11. Be3 Qxd4 12. Bxd4 d6 13. 0-0-0 Nd7 14. Rhe1 Bb7 15. a4 a5 16. Bc4 Be7 17. Bxg7 Rg8 18. f6 Nxf6 19. Bxf6 Bxf6 20. Rxd6 Be7 21. Rd3 Rxg2 22. Rf3 Rg7 23. e5 Ba6 24. Bb3 Bh4 25. Rd1 Rd8 26. Rxd8+ Kxd8 27. Kb1 Ke7 28. Ne4 Bc8 29. Nd6 Be6 30. Bxe6 Kxe6 31. Nc4 Bd8 0-1

[Event "Cheliabinsk Postovalov Memorial 5th"]
[Site "Cheliabinsk"]
[Date "2011.01.06"]
[Round "2"]
[White "Bulgakov, Nikolai"]
[Black "Kogan, Alexander A"]
[Result "0-1"]
[WhiteElo "1923"]
[BlackElo "2149"]
[PlyCount "60"]
[EventDate "2011.01.06"]
[EventType "swiss"]
[EventRounds "9"]
[EventCountry "RUS"]
[SourceTitle "CBM 140 Extra"]
[Source "ChessBase"]
[SourceDate "2011.03.01"]
[SourceVersion "1"]
[SourceVersionDate "2011.03.01"]
[SourceQuality "1"]

1. Nf3 d5 2. g3 Nc6 3. d4 Bf5 4. Bg2 Qd7 5. c3 Bh3 6. Bxh3 Qxh3 7. b4 Nf6 8. Bf4 Qd7 9. Nbd2 e6 10. Qc2 Bd6 11. Ne5 Bxe5 12. dxe5 Ng8 13. Nb3 b6 14. a4 Nge7 15. h4 Ng6 16. h5 Nxf4 17. gxf4 Ne7 18. Nd4 c5 19. Nb5 Nf5 20. e4 a6 21. Nc7+ Qxc7 22. exf5 cxb4 23. fxe6 fxe6 24. Rc1 Rc8 25. Rg1 Kf7 26. Rg3 Qc4 27. Qd3 Qxd3 28. Rxd3 Rc4 29. Rb1 bxc3 30. Rxb6 c2 0-1

[Event "Cheliabinsk Region-ch"]
[Site "Cheliabinsk"]
[Date "2010.03.28"]
[Round "2"]
[White "Kogan, Alexander A"]
[Black "Pleshakov, Kirill"]
[Result "0-1"]
[WhiteElo "2150"]
[BlackElo "1983"]
[PlyCount "60"]
[EventDate "2010.03.27"]
[EventType "swiss"]
[EventRounds "9"]
[EventCountry "RUS"]
[SourceTitle "EXT 2012"]
[Source "ChessBase"]
[SourceDate "2011.11.24"]
[SourceVersion "1"]
[SourceVersionDate "2011.11.24"]
[SourceQuality "1"]

1. e4 c5 2. g3 Nc6 3. Bg2 Nf6 4. d3 d5 5. exd5 Nxd5 6. Ne2 g6 7. Nbc3 Be6 8. 0-0 Bg7 9. Ne4 Qb6 10. Ng5 0-0 11. Nxe6 fxe6 12. Rb1 Rad8 13. Bg5 h6 14. Bd2 e5 15. Nc3 Nxc3 16. Bxc3 Nd4 17. Be4 Rf6 18. Kg2 Rdf8 19. Bd2 Kh8 20. b4 cxb4 21. Rxb4 Qc5 22. c3 Nc2 23. d4 exd4 24. Qxc2 Rxf2+ 25. Rxf2 Rxf2+ 26. Kxf2 d3+ 27. Be3 dxc2 28. Bxc5 c1Q 29. Be3 Qxc3 30. Rb3 Qf6+ 0-1

[Event "Cheliabinsk Kibizov Memorial 3rd"]
[Site "Cheliabinsk"]
[Date "2008.07.04"]
[Round "8"]
[White "Smirnov, Boris"]
[Black "Kogan, Alexander A"]
[Result "1-0"]
[WhiteElo "2187"]
[BlackElo "2174"]
[PlyCount "67"]
[EventDate "2008.06.27"]
[EventType "tourn"]
[EventRounds "9"]
[EventCountry "RUS"]
[SourceTitle "EXT 2022"]
[Source "ChessBase"]
[SourceDate "2021.10.06"]
[SourceVersion "1"]
[SourceVersionDate "2021.10.06"]
[SourceQuality "1"]

1. Nf3 Nf6 2. g3 d5 3. Bg2 Bg4 4. 0-0 e6 5. d4 Bd6 6. c4 c6 7. Nc3 0-0 8. Qb3 Qc7 9. Be3 Nbd7 10. Rac1 a6 11. Rfe1 Rfe8 12. Nd2 Qb8 13. f3 Bh5 14. Bf2 dxc4 15. Nxc4 Bc7 16. e4 e5 17. Nxe5 Nxe5 18. dxe5 Bxe5 19. Na4 Bc7 20. Nb6 Bxb6 21. Bxb6 Bg6 22. Rcd1 Qc8 23. Re3 Qe6 24. Qxe6 fxe6 25. Red3 e5 26. b3 a5 27. a3 Bf7 28. Rc3 Be6 29. Bc7 Nd7 30. Bf1 Re7 31. Bc4 Bxc4 32. Rxc4 Nf8 33. Rd8 Rxd8 34. Bxd8 1-0